| 000 | 00508nam a2200205Ia 4500 | ||
|---|---|---|---|
| 003 | LK-CoDNM | ||
| 005 | 20241210123510.0 | ||
| 008 | 010623t1962 xxu||||| |||| 00| 1 sin d | ||
| 040 |
_aLK-CoDNM _dLK-CoDNM _eLK-CoDNM |
||
| 041 | _asin | ||
| 080 |
_a954.87 _bMAH |
||
| 100 | _aDewarakkitha himi,Waradiwela | ||
| 245 | _aමහාවංශය 10-13 | ||
| 246 | _aMahawansaya 10-13 | ||
| 260 |
_bRathna _aColombo _c1962 |
||
| 300 | _b208p. ; 18 cm | ||
| 650 | _a1962 | ||
| 650 | _aHistory | ||
| 942 | _cBK | ||
| 999 |
_c106089 _d106089 |
||